Velünk élő Klebelsberg 130 éve született Szeged újjáteremtője /
Elmentve itt :
| Szerzők: | |
|---|---|
| Dokumentumtípus: | Cikk |
| Megjelent: |
2005-11-19
|
| Sorozat: | Délmagyarország
95 No. 271 |
| Kulcsszavak: | Klebelsberg Kuno 1875-1932, Szeged, Belpolitika Szeged 20. sz. |
| Online Access: | http://dmarchiv.bibl.u-szeged.hu/135584 |
| LEADER | 00577nab a2200169 i 4500 | ||
|---|---|---|---|
| 001 | delm135584 | ||
| 005 | 20191127143738.0 | ||
| 008 | 191127s2005 hu o 0|| hun d | ||
| 040 | |a SZTE Délmagyarország Archívum |b hun | ||
| 041 | |a hun | ||
| 100 | 1 | |a Hencz Péter | |
| 245 | 1 | 0 | |a Velünk élő Klebelsberg |h [elektronikus dokumentum] : |b 130 éve született Szeged újjáteremtője / |c Hencz Péter |
| 260 | |c 2005-11-19 | ||
| 300 | |a 10 | ||
| 490 | 0 | |a Délmagyarország |v 95 No. 271 | |
| 695 | |a Klebelsberg Kuno 1875-1932, Szeged, Belpolitika Szeged 20. sz. | ||
| 700 | 0 | 1 | |a Klebelsberg Kuno |e aut |